Kluby, które kiedykolwiek grały w Lidze Mistrzów - Statystyki

Ogólne statystyki
  • Ten quiz został rozwiązany 149 razy
  • Średni wynik to 71 z 148
Statystyki odpowiedzi
Liczba sezonów Sezony Kraj Klub % Poprawnych
27 95/96, 97/98 - 22/23 Hiszpania Real Madryt
97%
27 93/94 - 94/95, 97/98 - 02/03, 04/05 - 22/23 Hiszpania Barcelona
92%
26 92/93 - 93/94, 95/96 - 99/00, 01/02, 03/04 - 09/10, 11/12 - 18/19, 20/21 - 22/23 Portugalia Porto
91%
26 94/95, 97/98 - 06/07, 08/09 - 22/23 Niemcy Bayern
90%
24 94/95, 96/97 - 13/14, 15/16, 17/18 - 18/19, 20/21 - 21/22 Anglia Manchester United
89%
23 95/96 - 98/99, 00/01 - 05/06, 08/09 - 09/10, 12/13 - 22/23 Włochy Juventus
88%
17 94/95, 98/99, 05/06 - 07/08, 10/11 - 19/20, 21/22 - 22/23 Portugalia Benfica
86%
16 98/99, 02/03 - 11/12, 18/19 - 22/23 Włochy Inter
85%
19 92/93 - 94/95, 96/97, 99/00 - 00/01, 02/03 - 07/08, 09/10 - 13/14, 21/22 - 22/23 Włochy Milan
85%
18 94/95 - 96/97, 98/99, 02/03 - 05/06, 10/11 - 14/15, 18/19 - 22/23 Holandia Ajax
84%
13 96/97, 08/09 - 09/10, 13/14 - 22/23 Hiszpania Atletico
83%
19 99/00, 03/04 - 15/16, 17/18, 19/20 - 22/23 Anglia Chelsea
82%
12 11/12 - 22/23 Anglia Manchester City
82%
17 95/96 - 97/98, 99/00, 01/02 - 02/03, 11/12 - 14/15, 16/17 - 22/23 Niemcy Borussia Dortmund
81%
10 97/98, 00/01, 06/07 - 08/09, 14/15, 16/17 - 17/18, 21/22 - 22/23 Portugalia Sporting
81%
15 01/02 - 02/03, 04/05 - 09/10, 14/15, 17/18 - 22/23 Anglia Liverpool
80%
15 94/95, 97/98, 00/01, 03/04, 12/13 - 22/23 Francja PSG
80%
19 98/99 - 16/17 Anglia Arsenal
79%
2 95/96, 16/17 Polska Legia
79%
8 07/08, 09/10, 15/16 - 17/18, 20/21 - 22/23 Hiszpania Sevilla
78%
11 01/02, 03/04 - 04/05, 06/07 - 08/09, 12/13 - 13/14, 16/17 - 17/18, 22/23 Szkocja Celtic
75%
18 94/95, 97/98 - 04/05, 06/07 - 09/10, 12/13, 15/16 - 16/17, 20/21 - 21/22 Ukraina Dynamo Kijów
75%
7 11/12, 13/14, 16/17 - 19/20, 22/23 Włochy Napoli
75%
16 93/94 - 94/95, 97/98 - 03/04, 06/07, 12/13 - 15/16, 18/19 - 19/20 Turcja Galatasaray
73%
16 92/93, 97/98 - 08/09, 15/16 - 16/17, 18/19 Holandia PSV
73%
6 10/11, 16/17 - 19/20, 22/23 Anglia Tottenham
73%
6 99/00 - 01/02, 03/04, 07/08, 20/21 Włochy Lazio
72%
12 99/00 - 00/01, 02/03, 04/05, 06/07 - 07/08, 10/11 - 12/13, 15/16, 18/19, 19/20 Hiszpania Valencia
72%
11 92/93, 99/00, 03/04, 07/08 - 11/12, 13/14, 20/21, 22/23 Francja Marsylia
71%
11 92/93, 95/96 - 96/97, 99/00 - 00/01, 03/04, 05/06, 07/08, 09/10 - 10/11, 22/23 Szkocja Rangers
71%
11 01/02 - 02/03, 04/05 , 06/07 - 08/09, 10/11, 14/15 - 15/16, 17/18 - 18/19 Włochy Roma
71%
16 00/01 - 11/12, 15/16 - 16/17, 18/19 - 19/20 Francja Lyon
70%
12 92/93, 04/05, 06/07 - 07/08, 09/10, 11/12, 13/14 - 18/19 Rosja CSKA Moskwa
67%
8 98/99 - 99/00, 11/12 - 12/13, 15/16 - 16/17, 19/20, 22/23 Chorwacja Dinamo Zagrzeb
67%
9 08/09, 11/12 - 15/16, 19/20 - 21/22 Rosja Zenit
67%
12 93/94 - 94/95, 00/01 - 01/02, 03/04 - 06/07, 12/13 - 14/15, 17/18 Belgia Anderlecht
66%
13 97/98, 99/00 - 02/03, 04/05, 11/12, 13/14 - 16/17, 19/20, 22/23 Niemcy Bayer Leverkusen
66%
5 97/98, 99/00, 01/02 - 02/03, 17/18 Holandia Feyenoord
65%
5 06/07, 10/11, 13/14, 16/17, 22/23 Dania Kopenhaga
65%
5 17/18, 19/20 - 22/23 Niemcy RB Lipsk
65%
8 01/02, 05/06, 07/08, 10/11, 12/13 - 14/15, 18/19 Niemcy Schalke
65%
6 97/98, 99/00 - 01/02, 03/04 - 05/06 Czechy Sparta Praga
65%
1 96/97 Polska Widzew
65%
9 93/94, 97/98, 00/01, 03/04 - 04/05, 14/15, 16/17 - 18/19 Francja Monaco
63%
4 05/06, 08/09, 11/12, 21/22 Hiszpania Villarreal
63%
16 00/01, 04/05, 06/07 - 08/09, 10/11 - 15/16, 17/18 - 22/23 Ukraina Szachtar Donieck
62%
3 19/20 - 21/22 Włochy Atalanta
61%
2 03/04, 13/14 Hiszpania Real Sociedad
61%
10 92/93, 02/03 - 03/04, 05/06, 16/17, 18/19 - 22/23 Belgia Club Brugge
60%
20 97/98 - 07/08, 09/10, 11/12 - 15/16, 17/18, 19/20 - 20/21 Grecja Olympiakos
60%
5 94/95, 02/03 - 03/04, 06/07, 18/19 Grecja AEK Ateny
58%
12 93/94 - 95/96, 98/99 - 02/03, 06/07, 10/11, 12/13, 17/18 Rosja Spartak Moskwa
58%
8 02/03, 08/09, 10/11 - 11/12, 13/14 - 14/15, 16/17 - 17/18 Szwajcaria Basel
57%
1 16/17 Anglia Leicester
57%
2 07/08, 19/20 Czechy Slavia Praga
57%
7 01/02, 05/06 - 06/07, 11/12 - 12/13, 19/20, 21/22 Francja Lille
56%
2 98/99, 14/15 Hiszpania Athletic Bilbao
55%
8 97/98, 00/01, 03/04, 07/08, 09/10, 16/17 - 17/18, 21/22 Turcja Besiktas
55%
2 10/11, 12/13 Portugalia Braga
55%
3 14/15 - 15/16, 21/22 Szwecja Malmo
55%
9 95/96, 98/99, 00/01 - 01/02, 03/04 - 05/06, 08/09, 10/11 Grecja Panathinaikos
55%
2 18/19, 21/22 Szwajcaria Young Boys
55%
1 13/14 Austria Austria Wiedeń
54%
2 18/19 - 19/20 Serbia Crvena Zvezda
54%
3 15/16 - 16/17, 20/21 Niemcy Borussia Monchengladbach
52%
1 15/16 Belgia Gent
52%
3 09/10, 15/16, 21/22 Niemcy Wolfsburg
52%
2 97/98, 02/03 Anglia Newcastle
51%
1 05/06 Hiszpania Real Betis
49%
7 94/95 - 96/97, 06/07 - 08/09, 13/14 Rumunia Steaua Bukareszt
49%
3 02/03, 11/12, 19/20 Belgia Genk
48%
2 96/97, 05/06 Austria Rapid Wiedeń
48%
4 11/12, 13/14, 18/19, 22/23 Czechy Viktoria Pilzno
47%
5 08/09, 11/12 - 12/13, 14/15 - 15/16 Białoruś BATE Borysów
46%
2 95/96, 20/21 Węgry Ferencvaros
46%
3 99/00, 08/09 - 09/10 Włochy Fiorentina
46%
5 00/01 - 04/05 Hiszpania Deportivo La Coruna
45%
1 22/23 Niemcy Eintracht Frankfurt
45%
6 96/97, 01/02, 04/05 - 05/06, 07/08 - 08/09 Turcja Fenerbahce
45%
2 98/99, 02/03 Francja Lens
45%
6 01/02 - 03/04, 18/19 - 20/21 Rosja Lokomotiv Moskwa
45%
4 19/20 - 22/23 Austria Red Bull Salzburg
45%
11 95/96 - 02/03, 04/05 - 05/06, 07/08 Norwegia Rosenborg
45%
3 03/04, 07/08, 09/10 Niemcy Stuttgart
45%
4 09/10, 11/12, 14/15, 17/18 Cypr APOEL Nikozja
44%
7 93/94, 04/05 - 08/09, 10/11 Niemcy Werder Brema
44%
1 99/00 Norwegia Molde
43%
4 99/00, 06/07, 08/09 - 09/10 Francja Bordeaux
42%
1 12/13 Hiszpania Malaga
41%
3 99/00, 14/15, 17/18 Słowenia Maribor
39%
1 97/98 Włochy Parma
39%
2 03/04, 10/11 Serbia Partizan
38%
1 11/12 Turcja Trabzonspor
38%
1 94/95 Chorwacja Hajduk Split
37%
1 20/21 Rosja Krasnodar
37%
1 98/99 Dania Brondby
36%
1 18/19 Niemcy Hoffenheim
36%
2 09/10 - 10/11 Rosja Rubin Kazań
36%
1 09/10 Holandia AZ Alkmaar
35%
2 14/15, 16/17 Bułgaria Łudogorec
35%
1 12/13 Francja Montpellier
35%
2 95/96, 01/02 Francja Nantes
35%
3 98/99 - 00/01 Austria Sturm Graz
35%
1 99/00 Szwecja AIK
34%
1 98/99 Finlandia HJK
34%
1 00/01 Anglia Leeds
34%
1 95/96 Anglia Blackburn
33%
1 03/04 Hiszpania Celta
33%
1 21/22 Mołdawia Sheriff Tyraspol
33%
1 05/06 Włochy Udinese
32%
1 15/16 Kazachstan Astana
31%
1 10/11 Holandia Twente
31%
3 96/97, 02/03, 10/11 Francja Auxerre
30%
1 99/00 Niemcy Hertha Berlin
30%
3 08/09, 10/11, 12/13 Rumunia Cluj
28%
2 99/00, 01/02 Portugalia Boavista
26%
4 92/93, 94/95, 96/97 - 97/98 Szwecja Goteborg
26%
2 95/96, 08/09 Dania Aalborg
25%
2 00/01, 06/07 Niemcy HSV
25%
2 04/05, 15/16 Izrael Maccabi Tel Aviv
25%
1 17/18 Azerbejdżan Qarabag
25%
3 02/03, 09/10, 22/23 Izrael Maccabi Haifa
23%
1 20/21 Dania Midtjylland
23%
1 20/21 Francja Stade Rennes
23%
1 01/02 Hiszpania Mallorca
22%
1 16/17 Rosja Rostów
22%
1 09/10 Belgia Standard Liege
22%
1 10/11 Słowacja Zilina
22%
1 98/99 Niemcy Kaiserslautern
21%
1 10/11 Turcja Bursaspor
19%
1 09/10 Szwajcaria Zurych
18%
1 06/07 Bułgaria Levski Sofia
17%
2 95/96 - 96/97 Szwajcaria Grasshoppers
16%
1 10/11 Izrael Hapoel Tel Aviv
16%
1 00/01 Holandia Heerenveen
15%
1 08/09 Cypr Anorthosis
13%
1 09/10 Węgry Debreczyn
13%
1 05/06 Szwajcaria Thun
13%
1 97/98 Słowacja Kosice
12%
1 11/12 Rumunia Otelul
12%
1 05/06 Słowacja Petrzalka
12%
1 12/13 Dania Nordsjaelland
11%
1 09/10 Rumunia Unirea Urziceni
10%
1 99/00 Holandia Willem II
9%
1 00/01 Szwecja Helsingborgs
7%
1 20/21 Turcja Istambul Basaksehir
7%
1 94/95 Austria Austria Salzburg
6%
1 97/98 Belgia Lierse
6%
Nie znaleziono quizów pasujących do podanych kryteriów
Rozkład punktacji
Procent ludzi z każdym wynikiem
Percentyl według liczby udzielonych odpowiedzi
Twoja historia wyników
Nie rozwiązałeś tego quizu